000 00675nam a2200181Ia 4500
008 100917s9999 xx 000 0 und d
082 _b39057
100 _aकुलकर्णी वि. म.
245 _aवृत्ते व अलंकार (आवृती 5वी)
260 _bएन. के. पब्लिशिंग हाऊस
_c1962
300 _a59
365 _b1
520 _aभाषाशास्त्र
630 _aवृत्ते व अलंकार (आवृती 5वी)
650 _aभाषाशास्त्र
730 _aवृत्ते व अलंकार (आवृती 5वी)
942 _cBOOK
999 _c644451
_d644448